000 00708nam a2200193 a 4500
005 20250606063821.0
008 991125s1963 ag 000 0 spa u
035 _aUPN01000007427
049 _aCE
050 4 _aZ699.5 E4
_bM3.3
100 1 _aMajault, Joseph
245 1 0 _aCentros de documentación pedagógica en Europa Occidental :
_bestudio comparado /
_cJoseph Majault.
260 _aBuenos Aires :
_bMinisterio de Educación y Justicia, Centro Nacional de Documentación e Información Educativa,
_c1963.
300 _a155 p.
440 0 _aEstudios y documentos ;
_v11
650 4 _aCENTROS DE DOCUMENTACION -
_zEUROPA
_99603
650 4 _aEducación
_xServicios de información
_918126
905 _aLibro
999 _c7427
_d7427